Účast na veletrhu v zahraničí - Příprava, průběh a hodnocení

Vlastná prezentácia na veľtrhu. Podporné programy prezentácie. Technické uzavretie veľtrhovej expozície. Vyhodnotenie účasti na veľtrhu.

Saved in:
Bibliographic Details
Main Author: Dach, Karel
Format: Book Chapter
Language:Czech
Subjects:
Tags: Add Tag
No Tags, Be the first to tag this record!

MARC

LEADER 00000naa a2200000 4500
001 r043453
005 20230908092056.7
041 0 |a cze 
044 |a CZ 
245 1 0 |a Účast na veletrhu v zahraničí - Příprava, průběh a hodnocení  |c Karel Dach 
520 |a Vlastná prezentácia na veľtrhu. Podporné programy prezentácie. Technické uzavretie veľtrhovej expozície. Vyhodnotenie účasti na veľtrhu. 
610 2 0 |a veľtrhy 
610 2 0 |a výstavy 
610 2 0 |a logistika 
610 2 0 |a marketing mix 
610 2 0 |a manažment 
610 2 0 |a informácie 
610 2 0 |a rozhodovanie 
100 1 |a Dach, Karel